Inovácia v distribúcií potravín - aspekt geografického informačného systému

Poukázanie na možnosti použitia technológie veľkých dát na Slovensku. Ilustrovanie použitia priestorových dát v geografickej lokalizácií maloobchodných jednotiek.

Salvato in:
Dettagli Bibliografici
Autore principale: Kita, Pavol
Altri autori: Kollár, Patrícia, Strelinger, Ján, 1964-, Keresty, Ján, 1980-, Kita, Jaroslav
Natura: Capitolo di libro
Lingua:slovacco
Soggetti:
Tags: Aggiungi Tag
Nessun Tag, puoi essere il primo ad aggiungerne!!

MARC

LEADER 00000naa$a2200000$$$4500
001 0259057
005 20240502074111.1
041 0 |a slo 
044 |a SK 
245 1 0 |a Inovácia v distribúcií potravín - aspekt geografického informačného systému  |c Pavol Kita, Patrícia Kollár, Ján Strelinger, Ján Keresty, Jaroslav Kita 
520 |a Poukázanie na možnosti použitia technológie veľkých dát na Slovensku. Ilustrovanie použitia priestorových dát v geografickej lokalizácií maloobchodných jednotiek. 
610 2 0 |a marketing 
610 2 0 |a potravinárstvo 
610 2 0 |a inovácie technologické 
610 2 0 |a Slovensko 
100 1 |a Kita, Pavol 
700 1 |a Kollár, Patrícia 
700 1 |a Strelinger, Ján, 1964- 
700 1 |a Keresty, Ján, 1980- 
700 1 |a Kita, Jaroslav